| 000 | 00577nam a22001697a 4500 | ||
|---|---|---|---|
| 003 | OSt | ||
| 005 | 20260116032558.0 | ||
| 008 | 260116b |||||||| |||| 00| 0 eng d | ||
| 020 | _a0-07-283722-5 | ||
| 040 |
_aDWC-Main lib _cOC |
||
| 082 | _aCirc. 909.09821 M438w 2003 | ||
| 100 | _aMclean, M. | ||
| 245 |
_aWestern civilzation : _bprimary source reader, vol. 1 _cMcneal, Mega |
||
| 260 |
_aNew York : _bMcGraw-Hill Co., Inc., _cc2003. |
||
| 300 |
_avii, 256 pages ; _c 23 cm. |
||
| 942 |
_2ddc _cBK-CIRC _hCirc. 909.09821 M438w 2003 _kCirc. _n0 |
||
| 999 |
_c7486 _d7486 |
||